Meaningful Quotes / (Record no. 160445)

MARC details
000 -LEADER
fixed length control field 00607nam a22001817a 4500
005 - DATE AND TIME OF LATEST TRANSACTION
control field 20190213111337.0
010 ## - LCCN (DPL NO)
LC control number ENG-124698
020 ## - INTERNATIONAL STANDARD BOOK NUMBER
International Standard Book Number 9788183822336
Terms of availability 195.00
035 ## - SYSTEM CONTROL NUMBER
System control number EN-108230
037 ## - SOURCE OF ACQUISITION
Source of stock number/acquisition DBAD/PUB
082 ## - DEWEY DECIMAL CLASSIFICATION NUMBER
Classification number 080
100 ## - MAIN ENTRY--PERSONAL NAME
Personal name Ahuja,Simar
245 ## - TITLE STATEMENT
Title Meaningful Quotes /
Statement of responsibility, etc by Simar Ahuja
260 ## - PUBLICATION, DISTRIBUTION, ETC. (IMPRINT)
Place of publication, distribution, etc New Delhi
Name of publisher, distributor, etc Lotus Press
Date of publication, distribution, etc 2017
270 ## - ADDRESS
Address Unit No.220,2nd Floor,4735/22,Prakash Deep Building, Ansari Road, Daryaganj,
City New Delhi
Postal code 110002
Telephone number 011-23280047,09811838000
Electronic mail address lotusspress1984@gmail.com
300 ## - PHYSICAL DESCRIPTION
Extent 366 p.
Dimensions 22cm.(pbk)
942 ## - ADDED ENTRY ELEMENTS (KOHA)
Source of classification or shelving scheme Dewey Decimal Classification
Item type English Books
Call number suffix AHU
Classification part 080
Holdings
Withdrawn status Lost status Not for loan Collection code Home library Current library Date acquired Source of acquisition Cost, normal purchase price Full call number Barcode Copy number Cost, replacement price Koha item type
    Not For Loan Non-fiction D.B.Act.Division Central Library 30/01/2019 DBAD/PUB 195.00 080 AHU EN-108230 1 195.00 English Books

© Delhi Public Library
Hit Counter
free hit counter